[Event "Legislatura Portena Open 2019"]
[Site "Buenos Aires"]
[Date "2019.03.21"]
[Round "2.1"]
[White "Herrmann, Roman"]
[Black "Obregon, Andres Carlos"]
[Result "1-0"]
[WhiteElo "2066"]
[BlackElo "2514"]
[Annotator "TA"]
[PlyCount "88"]
[EventDate "2019.03.20"]
[EventType "swiss"]
[EventCountry "ARG"]
[SourceTitle "playchess.com"]
[Source "ChessBase"]
[SourceQuality "1"]

{[%evp 18,88,63,51,66,68,91,52,71,66,62,51,52,23,28,29,39,26,56,67,98,97,92,69,69,0,65,76,137,90,110,85,86,78,106,106,180,186,189,183,198,189,178,158,166,166,208,153,168,159,160,154,194,135,208,206,239,186,189,183,151,163,119,68,50,62,165,22,93,25,27,8,8]} 1. d4 Nf6 2. Nf3 g6 3. c4 Bg7 4. Nc3 O-O 5. e4 d6 6. h3 c5 7. d5 e6 8. Bd3 exd5 9. cxd5 a6 10. a4 Ne8 {A70: Modern Benoni: 6 e4 g6 7 Nf3} (10... Nbd7 11. Bf4 Qe7 12. O-O Nh5 13. Bh2 Ne5 14. Be2 Nxf3+ 15. Bxf3 Nf6 16. e5 dxe5 17. d6 Qe6 18. Re1 Nd7 19. Bd5 Qf6 20. Ne4 Qd8 21. Qc2 {½-½ (43) Prohaszka,P (2626)-Shimanov,A (2626) Saint Louis 2018}) 11. O-O Nd7 12. Be3 Qe7 {White is slightly better.} 13. a5 Rb8 14. Qe2 $146 ({Predecessor:} 14. Qd2 b5 15. axb6 Rxb6 16. Bh6 Bxh6 17. Qxh6 Ne5 18. Nxe5 Qxe5 19. Qd2 Nc7 {0-1 (29) Rakela Rodriguez,J (2039)-Lopez Silva,H (2413) Chile 2010}) 14... Nc7 15. Rfe1 b5 16. axb6 Rxb6 17. Bg5 f6 18. Be3 Ne5 19. Nxe5 fxe5 20. Na4 Rb8 21. Nc3 ({Better is} 21. Bc4 $14) 21... Qh4 (21... Rb6 $1 $11) 22. Qd2 $36 {[%mdl 2048] White is on the roll.} Qe7 (22... Bf6 $142) 23. Ra5 Rf7 24. Bc4 Qd8 25. Rea1 Kh8 26. R1a3 Rf4 (26... Bf6 $16) 27. Bxf4 $18 exf4 28. Qxf4 Rxb2 {...Rc2 would now be nice for Black.} 29. Qc1 Rb4 30. Bf1 Bd4 31. Nd1 Qe7 32. Rf3 ({Stronger than} 32. Bxa6 Nxa6 33. Rxa6 Bxa6 $11) 32... Kg7 33. Ra2 Nb5 34. Bxb5 Rxb5 35. Re2 (35. Nc3 $18) 35... Rb4 (35... Bd7 $16 36. Ra2 Rb6) 36. Ne3 Qxe4 37. Ng4 {White wants to mate with Qh6+.} Rb1 38. Rxe4 {White threatens Re7+ and mate.} Rxc1+ 39. Kh2 {Re7+ would kill now.} Bxg4 40. Re7+ ({But not} 40. Rxg4 $6 h5 $11) (40. hxg4 $16 Be5+ 41. g3) 40... Kh6 $1 $14 41. hxg4 Kg5 {[#]} (41... Rf1 $1 $14) 42. Rxh7 ({White should try} 42. Rf8 $1 $18) 42... Rc2 {[#]} (42... c4 $1 $11) 43. Rhf7 (43. Kh3 $1 $16) 43... c4 $1 $11 44. g3 {Hoping for R3f4.} c3 {[%mdl 32768] Accuracy: White = 59%, Black = 31%. . Loss on time!?} 1-0

[Event "Legislatura Portena Open 2019"]
[Site "Buenos Aires"]
[Date "2019.03.21"]
[Round "2.2"]
[White "Hungaski, Robert"]
[Black "Conde, Adrian"]
[Result "1/2-1/2"]
[WhiteElo "2505"]
[BlackElo "2055"]
[Annotator "TA"]
[PlyCount "100"]
[EventDate "2019.03.20"]
[EventType "swiss"]
[EventCountry "ARG"]
[SourceTitle "playchess.com"]
[Source "ChessBase"]
[SourceQuality "1"]

{[%evp 31,100,33,47,40,50,41,70,39,60,45,41,34,43,36,41,37,56,16,40,31,73,52,59,63,60,20,19,19,21,27,29,10,8,0,0,-17,0,0,0,0,19,6,30,8,29,27,62,71,57,63,58,60,93,0,0,-291,-274,-424,-377,-423,-422,-422,-421,-486,0,0,0,0,0,0,0]} 1. e4 c5 2. Nf3 e6 3. d4 cxd4 4. Nxd4 a6 5. c4 Nf6 6. Nc3 Qc7 7. a3 b6 8. Be3 Bb7 9. f3 d6 10. Rc1 Nbd7 11. b4 Be7 12. Qd2 O-O 13. Be2 Rac8 14. O-O Rfe8 15. Kh1 {A31: Symmetrical English: 2 Nf3 Nf6 3 d4} Qb8 16. Rc2 (16. Rfd1 Bd8 17. Nb3 Bc7 18. Bf4 d5 19. Bxc7 Rxc7 20. cxd5 exd5 21. exd5 Nxd5 22. Nxd5 Bxd5 23. Nd4 b5 24. Bf1 Rxc1 25. Rxc1 {½-½ (40) Yu,Y (2738)-Karthikeyan,M (2578) Moscow 2017}) 16... Bd8 {LiveBook: 30 Games} 17. Rfc1 {White is slightly better.} Bc7 18. Bf1 $146 ({Predecessor:} 18. Bg1 d5 19. cxd5 exd5 {0-1 (125) Beltran de Heredia Eguiaz,M (1948)-Kovacevic,S (2426) Mostoles 2008}) 18... Rcd8 19. Nce2 (19. b5 $5 {[%cal Rb5a6]}) 19... h5 20. Qe1 Rc8 21. Bg1 Ne5 22. Qd2 h4 23. h3 Qa8 24. Nc3 Ng6 25. Nde2 Nd7 26. Bf2 Nde5 27. Na4 Nd7 28. c5 (28. Re1 {feels hotter.} Qb8 29. Rd1 Red8 30. Nd4 Re8 31. Be2) 28... bxc5 29. bxc5 Nxc5 30. Nxc5 dxc5 31. Rxc5 Rcd8 32. Qb2 Bd6 33. Ra5 Rb8 34. Qd2 Red8 35. Qe1 Be7 36. Nd4 {[%cal Be2d4,Bd4b3,Bb3c5][%mdl 32]} Bf6 37. Nb3 Rbc8 38. Nc5 Bd4 39. Bxd4 ({And not} 39. Bxh4 Nxh4 40. Qxh4 Be3 $17) 39... Rxd4 40. Rb1 Rc7 41. Qe3 e5 42. Qb3 (42. a4 $16) 42... Qd8 $11 43. Bc4 $2 {[%mdl 8192] [#]} (43. Nxa6 $11 {and White is okay.} Rcd7 44. Rc5) 43... Bc8 $19 44. Bd5 (44. Bf1 $142 Rc6 45. Nb7) 44... Nf4 45. Qb2 Nxd5 46. exd5 Rxd5 47. Qb6 {[#]} Rd1+ $2 (47... Bxh3 $1 $19 {[%mdl 512]} 48. Rg1 (48. gxh3 Rd1+) 48... Rd1 49. gxh3 Qd4 50. Rxd1 Qxd1+ 51. Kg2 Qe2+ 52. Kg1 Qe1+ 53. Kg2 Qg3+ 54. Kf1 Qxf3+ 55. Ke1 Qe3+ 56. Kd1 Rc8) 48. Rxd1 $11 {The position is equal.} Qxd1+ 49. Kh2 Qe1 50. Qxc7 {Strongly threatening Ne4.} Qg3+ {Precision: White = 59%, Black = 38%.} 1/2-1/2

[Event "Legislatura Portena Open 2019"]
[Site "Buenos Aires"]
[Date "2019.03.21"]
[Round "2.3"]
[White "Del Cuadro, Nestor"]
[Black "Tristan, Leonardo"]
[Result "0-1"]
[WhiteElo "2062"]
[BlackElo "2504"]
[Annotator "TA"]
[PlyCount "82"]
[EventDate "2019.03.20"]
[EventType "swiss"]
[EventCountry "ARG"]
[SourceTitle "playchess.com"]
[Source "ChessBase"]
[SourceQuality "1"]

{[%evp 19,82,7,7,-2,0,5,64,18,27,3,43,-88,-89,-129,-138,-116,-44,-41,-41,-77,-81,-60,-67,-48,-12,-12,0,-10,7,-22,-14,-8,18,-13,-13,-89,-89,-68,-86,-53,-91,-117,-72,-119,-106,-238,-225,-241,-217,-357,-365,-343,-344,-360,-339,-481,-472,-598,-593,-670,-664,-643,-641,-595,-581]} 1. Nf3 d5 2. g3 Nf6 3. Bg2 e6 4. c4 Be7 5. O-O O-O 6. d4 dxc4 7. Qc2 b6 8. Qxc4 Bb7 9. Nc3 Nbd7 10. Rd1 c5 11. Bg5 {E03: Open Catalan: 5 Qa4+ Nbd7 6 Qxc4} (11. Ne5 Bxg2 12. Kxg2 Qc8 13. Nxd7 Qxd7 14. dxc5 Qc6+ 15. f3 Qxc5 16. Qxc5 Bxc5 17. Bf4 Rfd8 18. e4 Ne8 {½-½ (41) Aronian,L (2794)-Mamedyarov,S (2809) Berlin 2018}) 11... Qc8 12. Rac1 Bc6 $146 ({Better is} 12... Rd8 $11) ({Predecessor:} 12... h6 13. Bxf6 Nxf6 14. dxc5 Bxc5 15. Qf4 Rd8 16. Ne5 Bxg2 17. Kxg2 Rxd1 18. Rxd1 {½-½ (60) Erdos,V (2577)-Bartel,M (2653) Katowice 2016}) 13. a3 {White is slightly better.} (13. e4 $5) 13... b5 14. Nxb5 {[%cal Rd4c5]} Nb6 (14... Qb7 $5 {[%cal Rc6b5]} 15. Nc3 cxd4 16. Qxd4 (16. Rxd4 Rac8 $11) 16... h6 17. Bxf6 Nxf6 $11) 15. Qb3 (15. Qc2 $1 $14 {stays ahead.} Bxb5 16. dxc5) 15... c4 $17 16. Rxc4 Nxc4 17. Qxc4 Qb7 ({Black should try} 17... Qa6 $1 $17 18. a4 Rac8 19. Bxf6 Bxf6) 18. Nc3 $15 Rab8 {Strongly threatening ...Rfc8.} 19. Bf4 Rbc8 20. Qa2 Nd5 21. Bd2 Nxc3 22. Bxc3 Bd5 23. Qa1 Rfd8 24. Ne1 Bxg2 25. Nxg2 Bg5 26. f3 Rd7 27. Rd3 {[#]} (27. Qb1 $11 {keeps the balance.}) 27... e5 $1 $36 {[%cal Re5d4][%mdl 2560] Keeping White busy.} 28. dxe5 Rxd3 29. exd3 Qxf3 30. Qf1 {[#]} Qxf1+ $1 31. Kxf1 {[%mdl 4096] Endgame KRB-KBN} Bc1 32. Nf4 {[#]} (32. a4 $17) 32... Rb8 $1 $19 33. Bd4 a6 34. Nd5 (34. Bc5 $142) 34... Bxb2 35. Ne7+ Kf8 36. Bc5 {aiming for Nc6+.} Ke8 37. d4 {[#]} (37. Nf5 {was called for.}) 37... Bxd4 $1 {[%mdl 512] Black is clearly winning.} 38. Bxd4 Kxe7 39. Ke2 Rb3 40. Bc5+ Ke6 41. Bf8 g5 {Accuracy: White = 22%, Black = 56%.} 0-1

[Event "Legislatura Portena Open 2019"]
[Site "Buenos Aires"]
[Date "2019.03.21"]
[Round "2.4"]
[White "Alonso, Salvador"]
[Black "Blanco, Marcos"]
[Result "1-0"]
[WhiteElo "2497"]
[BlackElo "2053"]
[Annotator "TA"]
[PlyCount "109"]
[EventDate "2019.03.20"]
[EventType "swiss"]
[EventCountry "ARG"]
[SourceTitle "playchess.com"]
[Source "ChessBase"]
[SourceQuality "1"]

{[%evp 15,109,19,12,22,18,10,12,12,36,37,72,59,60,53,97,57,74,60,84,66,64,64,64,69,67,67,65,66,86,67,62,65,81,36,80,52,186,184,198,198,200,193,195,184,208,208,208,208,218,200,218,197,199,206,196,190,214,214,220,218,264,281,281,249,299,300,307,307,492,492,499,496,498,503,483,407,503,501,525,512,558,534,518,477,585,578,602,587,658,562,1469,1344,1445,1334,1948,1853]} 1. e4 e5 2. Nf3 Nc6 3. Bc4 Bc5 4. c3 Nf6 5. d3 d6 6. O-O O-O 7. Bb3 Bb6 8. Nbd2 Ne7 {[%cal Bc6e7,Be7g6,Bg6f4][%mdl 32]} 9. Re1 {C54: Giuoco Piano: 4 c3 Nf6, main lines with 5 d4 and 5 d3} Ng6 10. Nf1 c6 11. Ng3 {The position is equal.} Bc7 (11... h6 12. h3 d5 13. exd5 Nxd5 14. d4 exd4 15. Nxd4 Be6 16. Nxe6 fxe6 17. Rxe6 Rxf2 18. Kh1 Nh4 19. Qg4 Qf8 20. Qxh4 {½-½ (20) Hou,Y (2652)-Aronian,L (2799) Tbilisi 2017}) 12. d4 Nf4 $146 ({Predecessor:} 12... Re8 13. dxe5 dxe5 14. Qxd8 Rxd8 15. Bg5 Bg4 16. Nf5 {½-½ (27) Nguyen,T (2442)-Landa,K (2601) Czech Republic 2016}) 13. h3 Be6 14. Bc2 Qd7 15. Ng5 Ng6 16. Be3 (16. a4 {looks sharper.} Bc4 17. b3 Ba6 18. Nf3 h6 19. Nf5) 16... Rfd8 17. dxe5 dxe5 18. Nxe6 fxe6 19. Qxd7 Rxd7 20. a4 Bb6 21. Nf1 Rad8 22. g3 Bxe3 23. Nxe3 Rd2 24. Kf1 Kf8 25. Re2 Ke7 {[#]} (25... Nh8 $14) 26. Nd5+ $1 $18 {[%mdl 512]} R8xd5 (26... cxd5 27. Rxd2) 27. exd5 Rxe2 {[#]} 28. d6+ $1 {[%mdl 512]} Kxd6 29. Kxe2 {[%mdl 4096] Endgame KRB-KNN} Ne7 30. Rd1+ Kc7 31. a5 Ned5 32. Kd2 c5 33. Bb3 Kc6 34. Re1 Kd6 35. Bc4 h6 36. Bf1 Nd7 37. Bg2 b5 38. axb6 axb6 39. Ra1 Nc7 40. c4 Nf6 41. Ra7 Nfe8 $2 (41... Nce8 {was worth a try.} 42. Ra8 Ke7) 42. Rb7 Kd7 {Now ...Nd6 and Black clings on.} 43. Rxb6 Nd6 44. Kc3 e4 45. Rb8 Nce8 46. Ra8 {White is clearly winning.} Ke7 47. Ra5 Nb7 48. Ra7 Ned6 49. Kc2 Kf6 {[#]} 50. Bxe4 $1 {[%mdl 576] Deflection} Nxe4 51. Rxb7 Nxf2 52. Rc7 Nxh3 53. Rxc5 Nf2 54. b4 Ne4 55. Rc7 {Accuracy: White = 65%, Black = 35%.} 1-0

[Event "Legislatura Portena Open 2019"]
[Site "Buenos Aires"]
[Date "2019.03.21"]
[Round "2.5"]
[White "Carcamo, Matias"]
[Black "Ricardi, Pablo"]
[Result "1/2-1/2"]
[WhiteElo "2052"]
[BlackElo "2485"]
[Annotator "TA"]
[PlyCount "101"]
[EventDate "2019.03.20"]
[EventType "swiss"]
[EventCountry "ARG"]
[SourceTitle "playchess.com"]
[Source "ChessBase"]
[SourceQuality "1"]

{[%evp 18,101,-19,-42,-16,-16,0,0,0,0,0,0,24,30,42,33,5,-4,2,7,54,-79,79,-10,101,0,0,0,0,0,0,-20,-22,-24,106,95,104,105,108,98,111,29,29,27,27,27,27,-8,-4,-33,38,0,0,0,43,0,0,0,0,0,6,2,7,0,0,0,20,27,25,-11,0,0,0,0,0,0,0,0,0,-654,98,0,0,-654,87,0]} 1. e4 c5 2. Nc3 Nc6 3. g3 g6 4. Bg2 Bg7 5. d3 e6 6. f4 Nge7 7. Nf3 O-O 8. Be3 b6 9. O-O d5 10. Bf2 dxe4 {B24: Closed Sicilian: 3 g3 sidelines} 11. dxe4 Ba6 (11... e5 12. Nxe5 Nxe5 13. fxe5 Bxe5 14. Be3 Qxd1 15. Raxd1 Bg4 16. Rd2 Rad8 17. Rxd8 Rxd8 18. Bg5 {0-1 (39) Mammadova,G (2260)-Savchenko,B (2623) Baku 2010}) 12. Re1 Qxd1 {The position is equal.} 13. Rexd1 Rad8 $146 ({Predecessor:} 13... Bxc3 14. bxc3 Rad8 15. Bf1 Bb7 16. Rd3 Na5 17. Rad1 Rde8 18. Re1 {1-0 (34) Marwan,A (2079)-Wageih,K (2256) Tripoli 2010}) 14. e5 h6 15. Ne4 Nb4 16. Rxd8 Rxd8 17. Rc1 g5 18. fxg5 hxg5 19. Nfxg5 (19. Nf6+ $14 {stays ahead.} Bxf6 20. exf6) 19... Ng6 $2 {[#]} ({Not} 19... Nxa2 20. Ra1 $16) (19... Bxe5 $17 {keeps the pressure on.} 20. c3 Nd3) 20. a3 (20. Nf6+ $1 $16 Bxf6 21. exf6) 20... Nc6 (20... Nxc2 $1 $11 {keeps the balance.} 21. Nf6+ Bxf6 22. exf6 Nd4 23. Bxd4 Rxd4) 21. Nxf7 (21. Nf6+ $16 Bxf6 22. exf6) 21... Kxf7 $11 22. Ng5+ Ke7 23. Bxc6 Nxe5 24. Bg2 Ng4 25. Re1 Nxf2 (25... Bc8 $11 {remains equal.} 26. Bf3 Nxf2 27. Kxf2 Bxb2) 26. Nxe6 $16 {[%mdl 64] [#] Double Attack} Rd2 27. Nxg7+ Kf7 28. Nf5 Rxc2 29. b4 ({White should try} 29. Nd6+ $16 Kf6 30. Ne8+ Kg6 31. Re6+ Kf7 32. Rf6+ Kxe8 33. Bc6+ (33. Rxf2 Rc1+ 34. Bf1 Rb1 $11) 33... Ke7 34. Rxf2 Rc1+ 35. Kg2) 29... Nd3 $11 30. Nd6+ Kf6 31. Rb1 Ke5 32. Nf7+ Kd4 33. Nd6 Ke5 (33... c4 $15 34. b5 {[%mdl 64] Trapped Piece} c3 35. bxa6 Rb2 36. Nf5+ Kc5) 34. Nf7+ Ke6 35. Ng5+ Kf6 (35... Kf5 $5 {[%cal Rf5g5]} 36. Nf3 Nc1 $11) 36. Ne4+ Ke5 37. bxc5 bxc5 {...Rxg2+! is the strong threat.} 38. Ng5 Kd4 39. h4 {Hoping for h5.} c4 40. Nf3+ Kc5 $1 41. h5 {Black must now prevent Ng5.} c3 {Strongly threatening ...Re2.} (41... Re2 $5 {[%cal Rc4c3]} 42. Bf1 Re3 43. Bxd3 cxd3 $11) 42. Bf1 $1 Ra2 43. Ne1 c2 44. Nxc2 $1 Rxc2 45. h6 Ne5 {( -> ...Nf3+)} 46. Bxa6 Nf3+ 47. Kf1 {And now Rb5+ would win.} Nd2+ {[%mdl 64] Double Attack} 48. Ke1 $2 {[%mdl 8192]} (48. Kg1 $11 Nf3+ 49. Kf1 Nd2+ {[%mdl 64] Double Attack} 50. Kg1 Nf3+) 48... Nf3+ $2 (48... Nxb1 $19 49. Be2 Kd4) 49. Kf1 ({White should play} 49. Kd1 $16 Rh2 50. Rb5+ Kc6 51. Rf5 Rh1+ 52. Bf1 {[%mdl 64] Decoy} Rxf1+ 53. Ke2 {[%mdl 64] Double Attack}) 49... Nd2+ $2 {[%mdl 8192]} (49... Nh2+ $11 50. Ke1 Nf3+ 51. Kd1 Rh2) 50. Ke1 $19 Nf3+ $2 (50... Nxb1 $19 51. Be2 Kd4) 51. Kf1 {Accuracy: White = 41%, Black = 32%.} (51. Kd1 $16 Rh2 52. Rb5+ Kc6 53. Rb7) 1/2-1/2

[Event "Legislatura Portena Open 2019"]
[Site "Buenos Aires"]
[Date "2019.03.21"]
[Round "2.6"]
[White "Villanueva, Mario"]
[Black "Sobrero, Sebastian"]
[Result "1-0"]
[WhiteElo "2482"]
[BlackElo "2052"]
[Annotator "TA"]
[PlyCount "67"]
[EventDate "2019.03.20"]
[EventType "swiss"]
[EventCountry "ARG"]
[SourceTitle "playchess.com"]
[Source "ChessBase"]
[SourceQuality "1"]

{[%evp 12,67,31,30,37,31,54,20,61,47,92,67,131,127,139,122,182,113,266,269,777,780,783,762,791,782,762,768,788,781,865,879,1050,1067,1063,1041,1429,1368,1370,1367,1479,1477,1641,1623,1556,1614,2910,2530,2903,2742,4264,3941,4200,3974,29975,29973,29962,11284]} 1. e4 c5 2. Nf3 d6 3. d4 cxd4 4. Nxd4 Nf6 5. Nc3 a6 6. h3 e6 7. g4 Be7 {B81: Sicilian Scheveningen: Keres Attack} 8. g5 Nfd7 9. h4 Nc6 {The position is equal.} 10. Be3 Qc7 11. h5 Nxd4 $146 (11... b5 $14) ({Predecessor:} 11... Nce5 12. Qd2 b5 13. a3 Bb7 14. O-O-O Nb6 15. f4 {½-½ (37) Sjugirov,S (2657)-Dragun,K (2568) Yerevan 2015}) 12. Qxd4 $16 Rg8 13. O-O-O $36 {[%mdl 2048] White has strong initiative.} Ne5 (13... b5 $16) 14. h6 ({White should try} 14. f4 $18 Nc6 15. Qd2) 14... g6 $2 (14... gxh6 $16 {was called for.} 15. Rxh6 Ng4) 15. f4 $18 Nc6 $2 {[#]} (15... Ng4 16. Qg7 Rf8) 16. Qg7 $1 {[%cal Rg7g8][%mdl 512]} Rf8 (16... Rxg7 17. hxg7) 17. Qxh7 Bd7 18. Qg7 O-O-O 19. h7 Rh8 20. Qxf7 b5 21. Bh3 Rdf8 22. Qxg6 b4 23. Na4 Ne5 24. fxe5 Bxa4 25. Bxe6+ Kb8 26. Bb3 {[%cal Re5d6]} Bxb3 27. axb3 Rc8 28. Rd2 Qa5 29. Kb1 Qxe5 30. Bd4 Qf4 31. Rf2 Qg3 32. Qf7 Qxg5 33. Bxh8 Rxh8 34. Qc4 {Accuracy: White = 85%, Black = 21%.} 1-0

[Event "Legislatura Portena Open 2019"]
[Site "Buenos Aires"]
[Date "2019.03.21"]
[Round "2.7"]
[White "Salvatti, Diego"]
[Black "Acosta, Pablo Ismael"]
[Result "0-1"]
[WhiteElo "2048"]
[BlackElo "2467"]
[Annotator "TA"]
[PlyCount "110"]
[EventDate "2019.03.20"]
[EventType "swiss"]
[EventCountry "ARG"]
[SourceTitle "playchess.com"]
[Source "ChessBase"]
[SourceQuality "1"]

{[%evp 19,110,3,12,-25,-19,-2,-10,-25,20,19,12,-2,0,-4,0,0,0,0,0,0,0,0,0,0,0,0,34,27,42,38,62,12,8,0,0,0,0,0,0,0,0,0,0,0,0,0,0,0,0,-8,-8,-8,-8,0,0,0,0,0,0,0,0,0,0,-8,0,0,0,0,0,-7,10,-176,-178,-903,-877,-594,-577,-627,-549,-577,-569,-697,-639,-29983,-29984,-29984,-29984,-29984,-4574,-1731,-1131,-1695,-1259]} 1. d4 Nf6 2. Bf4 e6 3. e3 b6 4. Nf3 Bb7 5. h3 g6 6. Bh2 Bg7 7. c4 O-O 8. Nc3 d6 9. Be2 Nbd7 10. O-O Qe7 11. Rb1 $146 {A48: 1 d4 Nf6 2 Nf3 g6: Torre, London and Colle Systems} ({Predecessor:} 11. Rc1 e5 12. dxe5 dxe5 13. Nd5 Nxd5 14. cxd5 Nc5 15. b4 Ne4 16. Qc2 f5 17. Qxc7 Qxc7 18. Rxc7 Bxd5 19. Bxe5 Bxe5 20. Nxe5 {½-½ (49) Matlakov,M (2689)-Bartel,M (2622) Berlin 2015}) 11... Ne4 12. Nxe4 Bxe4 13. Rc1 {The position is equal.} f5 14. Nd2 Bb7 15. Bf3 Bxf3 16. Qxf3 c5 17. Qc6 Rfc8 18. Qxd6 Qxd6 19. Bxd6 cxd4 20. exd4 Bxd4 21. b3 Rc6 22. Bh2 a5 23. Rfd1 Bc5 24. Nf3 Nf6 25. Ne5 Rcc8 26. Nd7 Nxd7 27. Rxd7 Rd8 28. Rcd1 Rxd7 29. Rxd7 $11 {[%mdl 4096] Endgame KRB-KRB} a4 30. Be5 axb3 31. axb3 Ra2 32. Rg7+ Kf8 33. Rxh7 g5 34. b4 Bxf2+ 35. Kf1 f4 36. Rb7 Be3 37. g4 Rf2+ (37... f3 $5 38. Rb8+ $8 Ke7 39. Rb7+ Kf8 40. Rb8+ Kf7 41. Rb7+ Kf8 $11) 38. Ke1 Rc2 39. Rb8+ Kf7 (39... Ke7 $5 40. Rb7+ $8 Ke8 41. Rb8+ Kf7 42. Rb7+ Kg8 43. Rb8+ Kh7 44. Rb7+ Kg8 45. Rb8+ Kf7 46. Rb7+ Kg8 $11) 40. Rb7+ Kg6 41. Rg7+ $1 Kh6 {[#] ( -> ...f3)} 42. Re7 Rxc4 43. Rxe6+ Kh7 44. Bf6 Kg6 {And now ...Kf7 would win.} 45. Be7+ $2 (45. Rd6 $11 {and White is okay.}) 45... Kf7 $19 46. Re5 $2 (46. Rxe3 fxe3 47. Bxg5) 46... Bd4 47. Rxg5 Kxe7 {KRB-KR} 48. Rf5 Rxb4 49. h4 Be3 50. h5 Rb2 51. g5 Ke6 52. Rf8 Ke5 53. g6 Rg2 (53... Ke4 $142 54. Re8+ Kd3 55. Rd8+ Bd4 56. Rxd4+ Kxd4 57. g7 Ke3 58. Kd1 Rg2 59. g8=B Rxg8 60. h6 f3 61. h7 Rh8 62. Kc1 f2 63. Kb2 f1=Q 64. Kc2 Qb5 65. Kc1 Rc8+ 66. Kd1 Qf1#) 54. h6 f3 {[%cal Rg2g1] [#]} 55. Kd1 Bxh6 {Accuracy: White = 43%, Black = 73%.} 0-1

[Event "Legislatura Portena Open 2019"]
[Site "Buenos Aires"]
[Date "2019.03.21"]
[Round "2.8"]
[White "Slipak, Sergio"]
[Black "Pascual, Diego"]
[Result "1-0"]
[WhiteElo "2427"]
[BlackElo "2024"]
[Annotator "TA"]
[PlyCount "33"]
[EventDate "2019.03.20"]
[EventType "swiss"]
[EventCountry "ARG"]
[SourceTitle "playchess.com"]
[Source "ChessBase"]
[SourceQuality "1"]

{[%evp 18,33,63,76,87,69,272,110,128,70,293,198,491,308,307,245,421,417]} 1. Nf3 f5 2. g3 Nf6 3. Bg2 g6 4. b3 d6 5. d4 Bg7 6. Bb2 Nc6 7. O-O e5 8. dxe5 Ng4 9. c4 O-O 10. Nc3 Ngxe5 {A87: Dutch Defence: Leningrad System: 5 Nf3} 11. Qd2 g5 $146 {[#]} (11... Nxf3+ $14 12. Bxf3 Be6) ({Predecessor:} 11... Nxf3+ 12. Bxf3 Be6 13. Rad1 Rb8 14. Nd5 Ne5 15. Bg2 a6 16. c5 Bxd5 17. Bxd5+ Kh8 18. cxd6 Qxd6 {1-0 (37) Gavrilov,A (2494)-Prasanna Raghuram,R (2455) Rethymno 2014}) 12. Rad1 (12. Nxg5 $18 {and the rest is easy.} h6 13. Bd5+ Kh8 14. Nh3) 12... f4 {White is better.} 13. c5 (13. gxf4 $16 gxf4 14. Kh1) 13... Qe8 $2 (13... dxc5 $14 14. Nxe5 Bxe5) 14. cxd6 Qh5 $2 (14... Nxf3+ 15. Bxf3 cxd6 16. gxf4 (16. Qxd6 Bh3 $16) 16... Bh3) 15. Ne4 cxd6 16. Qd5+ ({Resist} 16. Nxd6 Be6 $18) ({Much less strong is} 16. Nexg5 Nxf3+ 17. Nxf3 Bxb2 $18) 16... Kh8 $2 {[#]} (16... Qf7) 17. Qxd6 {Accuracy: White = 37%, Black = 15%.} 1-0

[Event "Legislatura Portena Open 2019"]
[Site "Buenos Aires"]
[Date "2019.03.21"]
[Round "2.9"]
[White "Villarreal, Hector"]
[Black "Saldano Dayer, Horacio"]
[Result "0-1"]
[WhiteElo "2035"]
[BlackElo "2422"]
[Annotator "TA"]
[PlyCount "110"]
[EventDate "2019.03.20"]
[EventType "swiss"]
[EventCountry "ARG"]
[SourceTitle "playchess.com"]
[Source "ChessBase"]
[SourceQuality "1"]

{[%evp 13,110,-30,18,16,23,-6,12,-11,2,-26,-22,-28,-28,-31,3,2,6,6,16,8,9,6,39,16,27,0,0,0,7,-31,-10,-36,-29,-17,5,8,19,8,81,0,0,-28,48,44,46,0,73,-9,16,-10,0,-7,-12,-29,-35,-76,-16,-72,0,-87,-87,-97,-98,-90,-91,-114,-5,-70,-55,-36,-29,-116,-111,-325,-329,-343,-221,-299,-292,-410,-367,-354,-326,-388,-381,-377,-352,-370,-355,-422,-411,-603,-602,-627,-604,-661,-658,-664,-532]} 1. Nf3 c5 2. g3 Nc6 3. d4 cxd4 4. Nxd4 g6 5. Bg2 Bg7 6. c3 Nf6 7. O-O O-O 8. e4 {A49: 1 d4 Nf6 2 Nf3 g6 3 g3: Anti-King's Indian systems} (8. Na3 d5 9. Nb3 h6 10. Be3 Kh7 11. h3 e5 12. Bc5 Re8 13. c4 Be6 14. cxd5 Bxd5 15. Bxd5 Qxd5 16. Qxd5 Nxd5 {0-1 (58) Mosadeghpour,M (2444)-Pourramezanali,A (2510) Teheran 2017}) 8... Rb8 9. Qa4 $146 ({Predecessor:} 9. Be3 d6 10. h3 Na5 11. Nd2 a6 12. Rc1 Bd7 13. b4 Nc6 14. a4 b5 15. axb5 Nxd4 16. Bxd4 axb5 {0-1 (38) Kies,W (1996)-Balduan,M (2287) Leverkusen 1999}) 9... a6 10. Rd1 {The position is equal.} Qc7 11. Nxc6 bxc6 12. Na3 d6 13. e5 Nd5 14. exd6 exd6 15. Nc4 Bg4 {...Nb6 is the strong threat.} 16. Re1 Be6 $1 17. Bd2 Qd7 18. Qa3 Nc7 19. Ne3 ({Much worse is} 19. Qxd6 Qxd6 20. Nxd6 Rxb2 $15) 19... d5 20. Rad1 Bh3 21. Bf3 h5 22. Ng2 Rfc8 23. Nf4 Bf8 24. Qa4 Bg4 25. Bxg4 hxg4 (25... Qxg4 $11 26. Qxc6 Rxb2) 26. b3 (26. Nd3 $16) 26... Nb5 $11 27. Ng2 Bd6 (27... Ra8 $11) 28. Ne3 $14 f5 29. Ng2 {[#]} Kf7 (29... g5 $1 $11 {[%mdl 512] keeps the balance.}) 30. b4 (30. Nh4 $16) 30... Re8 31. Qc2 Na3 32. Qc1 Nc4 33. Bf4 Rbd8 34. Bg5 Rc8 (34... Rxe1+ $17 35. Nxe1 Re8) 35. Nh4 (35. Be3 $11) 35... Rh8 (35... Rxe1+ $17 36. Rxe1 Re8) 36. Re2 {[#]} (36. Bf4 $11) 36... Rce8 $1 $17 {[%cal Re8e2]} 37. Rde1 Rxe2 38. Rxe2 Re8 $36 {[%mdl 2048] Black has strong initiative.} 39. Qe1 {[#]} Ne5 (39... Rxe2 $1 $17 40. Qxe2 Be5) 40. Kg2 (40. Re3 $11) 40... Re6 41. Qd1 Nc4 42. Rxe6 (42. h3 $11) 42... Qxe6 43. Qd3 $2 (43. Kf1 $17) 43... Qe4+ $19 44. Qxe4 dxe4 {[%mdl 4096] Endgame KBN-KBN} 45. Bf4 Be7 46. h3 (46. Bb8 {is a better defense.}) 46... gxh3+ 47. Kxh3 g5 48. Bxg5 Bxg5 49. Nxf5 Ke6 50. Nd4+ Kd5 51. Ne2 Ne5 52. Nd4 (52. a3 $142) 52... Bd2 {Black is clearly winning.} 53. Ne2 Kc4 54. g4 Kd3 55. Nd4 Kxc3 {Accuracy: White = 27%, Black = 42%.} 0-1